| 000 | 00587cam a2200217I 4500 | ||
|---|---|---|---|
| 001 | 86524 | ||
| 005 | 20230410132547.0 | ||
| 008 | 750918s1958 mx 000 0 spa d | ||
| 035 | _a(OCoLC)ocm01633106 | ||
| 040 |
_aDZM _cDZM _dOCL _dOCLCQ _dOCLCG |
||
| 035 | _a(OCoLC)1633106 | ||
| 050 | 1 | 4 |
_aPQ2472 _bF318 |
| 082 | 0 | 4 |
_a848 _bV623f |
| 049 | _aGRAL | ||
| 100 | 1 |
_aLoti, Pierre, _d1850-1923. |
|
| 245 | 1 | 0 |
_aFantasmas de Oriente _c[by] Pierre Loti [pseud.] [Tr. de Daniel Tapia] |
| 260 |
_aMexico, _bEd. Novaro _c[1958] |
||
| 300 | _a157 p. | ||
| 942 |
_2lcc _cbk |
||
| 994 |
_aC0 _bDRFGD |
||
| 999 |
_c83740 _d83740 |
||